书目信息 |
| 题名: |
投资真相
|
|
| 作者: | 傅海棠 论述 ;沈良 主编 | |
| 分册: | ||
| 出版信息: | 北京 中国经济出版社 2020.8 |
|
| 页数: | 294页 | |
| 开本: | 26cm | |
| 丛书名: | ||
| 单 册: | ||
| 中图分类: | F830.59-49 | |
| 科图分类: | ||
| 主题词: | 投资--tou zi--通俗读物 | |
| 电子资源: | ||
| ISBN: | 978-7-5136-6243-7 | |
| 000 | 01065nam0 2200289 450 | |
| 001 | 2157989772 | |
| 005 | 20211011172911.0 | |
| 010 | @a978-7-5136-6243-7@dCNY58.00 | |
| 100 | @a20200924d2020 em y0chiy0120 ea | |
| 101 | 0 | @achi |
| 102 | @aCN@b110000 | |
| 105 | @aa z 000yy | |
| 106 | @ar | |
| 200 | 1 | @a投资真相@Atou zi zhen xiang@e傅海棠演讲集@e如何分析和捕捉确定性的投资机会@f傅海棠论述@g沈良主编 |
| 210 | @a北京@c中国经济出版社@d2020.8 | |
| 215 | @a294页@c照片@d26cm | |
| 312 | @a封面英文题名:Invest in truth | |
| 330 | @a本书收录了傅海棠先生近五年来35篇演讲交流文稿,系统性展示了他的投资理念、交易方法和经济学研究。 | |
| 510 | 1 | @aInvest in truth@zeng |
| 517 | 1 | @a傅海棠演讲集@Afu hai tang yan jiang ji |
| 517 | 1 | @a如何分析和捕捉确定性的投资机会@Aru he fen xi he bu zhuo que ding xing de tou zi ji hui |
| 606 | 0 | @a投资@Atou zi@j通俗读物 |
| 690 | @aF830.59-49@v5 | |
| 701 | 0 | @a傅海棠@Afu hai tang@f(1967~)@4论述 |
| 702 | 0 | @a沈良@Ashen liang@c(金融)@4主编 |
| 801 | 0 | @aCN@b百万庄@c20211007 |
| 905 | @b1306009-012@dF830.59-49@e509@f4 | |
| 投资真相:傅海棠演讲集:如何分析和捕捉确定性的投资机会/傅海棠论述/沈良主编.-北京:中国经济出版社,2020.8 |
| 294页:照片;26cm |
| ISBN 978-7-5136-6243-7:CNY58.00 |
| 本书收录了傅海棠先生近五年来35篇演讲交流文稿,系统性展示了他的投资理念、交易方法和经济学研究。 |
| ● |
| 相关链接 |
|
|
|
|
正题名:投资真相
索取号:F830.59-49/509
 
预约/预借
| 序号 | 登录号 | 条形码 | 馆藏地/架位号 | 状态 | 备注 |
| 1 | 1306009 | 213060097 | 第一样本阅览室/ [索取号:F830.59-49/509] | 在馆 | |
| 2 | 1306010 | 213060104 | 第一借阅区/ [索取号:F830.59-49/509] | 在馆 | |
| 3 | 1306011 | 213060113 | 第一借阅区/ [索取号:F830.59-49/509] | 在馆 | |
| 4 | 1306012 | 213060122 | 第一借阅区/ [索取号:F830.59-49/509] | 在馆 |